1060 1459 1852 1539 1349 1764 1010 1298 1081 1161 1707 1957 1863 1468 1889 1300 1351 1163 1235 1707 1291 1299 1926 1195 1950 1955 1649 1334 1291 1682 1209 1129 1742 1763 1994 1562 1942 1586 1459 1874 1138 1065 1738 1298 1201 1209 1963 1971 1631 1682 1203 1910 1105 1010 1277 1973 1711 1202 1437 1478 1481 1048 1026 1149 1753 1281 1075 1099 1686 1746 1994 1378 1757 1154 1082 1833 1320 1008 1902 1002 1989 1609 1474 1245 1819 1122 1710 1517 1082 1661 1303 1729 1376 1970 1894 1931 1256 1945 1247 BCNSPRNW ULIB Ver.6.0+V

เปลี่ยนเป็นภาษาไทย

Change to English
 แสดงรายละเอียดบรรณานุกรม
  กลับหน้าหลัก

Brief Record : Get Marc (ISO 2709) : E-mail record : QR code < ปิดหน้าต่าง
LEADER : 00000nam 2200000uu 4500
001    13399114803
003     ULIB
008    120522s2555||||th 000 0 tha d
050  4 LB2324^bส181อ
110 1  สถาบันพระบรมราชชนก กระทรวงสาัธารณสุข
111 2  การสัมมนาวิชาการ
245 00 เอกสารสืบเนื่องจากการสัมมนาวิชาการ การแลกเปลี่ยนความรู้ทั้งภายในและภายนอกองค์กรเพื่อสร้างนวัตกรรมด้านการพัฒนาการประกันคุณภาพการศึกษา โดยพัฒนาการปฏิบัติงานที่ดี (Good Practice)/^cสถาบันพระบรมราชชนก กระทรวงสาัธารณสุข
246 0  การแลกเปลี่ยนความรู้ทั้งภายในและภายนอกองค์กรเพื่อสร้างนวัตกรรมด้านการพัฒนาการประกันคุณภาพการศึกษา โดยพัฒนาการปฏิบัติงานที่ดี (Good Practice)
260    นนทบุรี:^bกลุ่มงานประกันคุณภาพการศึกษา กลุ่มพัฒนาการศึกษา สถาบันพระบรมราชชนก,^c2555
300    553 หน้า^bภาพประกอบ,^c30 ซม
500    เอกสารสืบเนื่องจากการสัมมนาวันที่ 27-28 กุมภาพันธ์ 2555 ณ โรงแรมเอเซีย แอร์พอร์ท
650  4 นวัตกรรมการศึกษา
650  4 การปฏิบัติงานที่ดี
650  7 Good Practice
710 1  กลุ่มงานประกันคุณภาพการศึกษา กลุ่มพัฒนาการศึกษา สถาบันพระบรมราชชนก
945    ^p0^l0^i031793
945    ^p0^l0^i031794
945    ^p0^l0^i031795
999 ^a ใช้งานได้ทุกระบบ
รายการนี้ยังไม่มีแท็ก
คุณยังไม่ได้ล็อกอิน คุณสามารถมีกิจกรรมร่วมกับเว็บไซต์ได้ แต่ต้องล็อกอินก่อน ::
  ล็อกอิน

รายการสื่อสารสนเทศ

ลำดับที่ ประเภท เลขเรียก/บาร์โค้ด สถานที่ สถานะ
- ไม่พบข้อมูล -

รายการใกล้เคียง
    หัวเรื่อง [นวัตกรรมการศึกษา]
    หัวเรื่อง [การปฏิบัติงานที่ดี]
    หัวเรื่อง [Good Practice]

BibComment


ยังไม่เคยถูกคอมเมนท์

คอมเมนท์ทรัพยากรรายการนี้
  คอมเมนท์: เอกสารสืบเนื่องจา..


 Copyright 2026. Bcnsprnw @Library